000
00329 a2200109 4500
001
ART_41681
005
20260410161647.0
008
260409a
245
1
0
_a
Facultades de interpretación de la AFIP
100
1
_a
Caranta, Martín R.
773
0
_t
Consultor tributario
_g
- Año 11, Nº 122 (abr. 2017)
_w
REV474
999
_c
13875
_d
13875